Trade policy for troubled industries
Na minha lista:
| Autor principal: | |
|---|---|
| Formato: | Livro |
| Idioma: | Undetermined |
| Publicado em: |
Washington, D.C.
Institute for International Economics
1986
|
| Assuntos: | |
| Tags: |
Adicionar Tag
Sem tags, seja o primeiro a adicionar uma tag!
|
| Thư viện lưu trữ: | Trung tâm Học liệu Trường Đại học Cần Thơ |
|---|
| LEADER | 00564nam a2200193Ia 4500 | ||
|---|---|---|---|
| 001 | CTU_99261 | ||
| 008 | 210402s9999 xx 000 0 und d | ||
| 082 | |a 382.3 | ||
| 082 | |b H889 | ||
| 100 | |a Hufbauer, Gary Clyde | ||
| 245 | 0 | |a Trade policy for troubled industries | |
| 245 | 0 | |c Gary Clyde Hufbauer, Howard F. Rosen | |
| 260 | |a Washington, D.C. | ||
| 260 | |b Institute for International Economics | ||
| 260 | |c 1986 | ||
| 650 | |a Commercial policy | ||
| 650 | |z United states | ||
| 904 | |i Giang | ||
| 980 | |a Trung tâm Học liệu Trường Đại học Cần Thơ | ||